| 000 | 00514nam a22001457a 4500 | ||
|---|---|---|---|
| 005 | 20260306140708.0 | ||
| 008 | 260306b |||||||| |||| 00| 0 eng d | ||
| 020 | _a979-8323577923 | ||
| 100 | _aINTRIGUE, ALEX | ||
| 245 |
_aCYBER SECURITY BIBLESYO-701 2025 _bTHE COMPREHENSIVE OPERSTIONAL HANDBOOK WITH PRACTICAL TEST FOR TRAINING IT SECURITY SPECIALISTS AND EXCELLINGIN INDUSTRY CERTIFICATION EXAMS |
||
| 260 | _c2023 | ||
| 300 | _a174P. | ||
| 650 | _a1. COMPUTER SECURITY 2. CYBER SECURITY | ||
| 942 |
_2lcc _cBK |
||
| 999 |
_c216806 _d216806 |
||